Alle romanischen Sprachen auf einer Karte - Statistiken

Allgemein
  • Dieses Quiz wurde 82 mal gespielt
  • Das Durchschnittsergebnis liegt bei 11 aus 27
Antworten auf der Karte
Die Antworten werden auf der Karte rot bzw. grün angezeigt, abhängig davon wie oft sie richtig erraten wurden.
 
Antwortstatistiken
Unterteilung Dialekt L1 Sprache oder
Dialekt
% Korrekt
Galloromanisch - 76 mio Französisch
98%
Italoromanisch - 65 mio Italienisch
98%
Iberoromanisch - 489 mio Spanisch
98%
Iberoromanisch - 250 mio Portugiesisch
90%
Balkanromanisch - 24 mio Rumänisch
90%
Okzitanromanisch - 4.0 mio Katalanisch
87%
Rätoromanisch - 44 k Bündnerromanisch
60%
Italoromanisch Italienisch 150 k Korsisch
51%
Italoromanisch Italienisch 4.7 mio Sizilianisch
51%
Galloitalisch Italienisch 3.6 mio Lombardisch
38%
Eigenständig - 1.3 mio Sardisch
38%
Italoromanisch Italienisch 3.8 mio Venetisch
37%
Iberoromanisch - 2.4 mio Galicisch
29%
Galloromanisch Französisch 600 k Wallonisch
29%
Rätoromanisch - 41 k Ladinisch
27%
Galloromanisch Französisch 50 k Normannisch
27%
Okzitanromanisch Französisch 500 k Okzitanisch
27%
Galloitalisch Italienisch 500 k Ligurisch
25%
Italoromanisch Italienisch 5.7 mio Neapolitanisch
22%
Rätoromanisch - 600 k Furlanisch
19%
Galloromanisch Französisch 200 k Pikardisch
13%
Iberoromanisch Spanisch 25 k Aragonesisch
10%
Iberoromanische Spanisch 200 k Extremadurisch
10%
Galloromanisch Französisch 140 k Frankoprovenzalisch
8%
Galloitalisch Italienisch 1.6 mio Piedmontesisch
6%
Balkanromanisch - 114 k Aromunisch
5%
Iberoromanisch - 15 k Mirandesisch
5%
Keine übereinstimmenden Quizze gefunden
Verteilung der Resultate
Anzahl Personen mit jedem Resultat
Perzentil nach korrekt beantworteten Fragen
Ihre Resultats-Entwicklung
Sie haben dieses Quiz noch nicht gespielt